فاطمة رشدي : (Record no. 30829)

MARC details
000 -الفاتح
حقل البيانات ثابتة الطول 01245nam a2200313 i 4500
003 - محدد رقم الضبط
رقم الضبط EG-ScBUE
005 - وقت وتاريخ اخر تعامل مع التسجيلة
رقم الضبط 20241212100414.0
008 - عناصر البيانات ثابتة الطول - معلومات عامة
حقل البيانات ثابتة الطول 170718s2024 ua o f f000 0aara d
017 ## - رقم الإيداع القانونى
رقم الإيداع القانونى 13333
020 ## - الرقم الدولى المعيارى للكتب
الرقم الدولى المعيارى للكتاب 9789778726152
040 ## - مصدر الفهرسة
وكالة الفهرسة الأصلية EG-ScBUE
لغة الفهرسة ara
قواعد الوصف rda
وكالة النسخ EG-ScBUE
وكالة التعديل EG-ScBUE
082 04 - رقم تصنيف ديوى العشرى
رقم التصنيف 791.43028092
رقم المادة ر ش د
رقم الطبعة 22
100 1# - المدخل الرئيسى - إسم شخصى
الإسم الشخصى رشدي، فاطمة،
التواريخ المصاحبة للاسم 1901-1996،
الدور مؤلف.
9 (RLIN) 38780
245 10 - بيان العنوان
العنوان فاطمة رشدي :
بقية العنوان الحب و الفن و السياسة /
بيان المسئوليه,etc بقلم فاطمة رشدي ؛ دراسة وتقديم بيجاد سلامة.
250 ## - بيان الطبعة
بيان الطبعة الطبعة الأولى
264 #1 - النشر، التوزيع
مكان الناشر او الموزع الجيزة ، مصر :
اسم الناشر او الموزع أطياف للنشر والتوزيع،
تاريخ النشر أو التوزيع 2024.
300 ## - الوصف المادى
التعداد 296 صفحة :
تفاصيل ماديه اخرى للوعاء صور ؛
أبعاد الوعاء 24 سم
336 ## - نوع المحتوى
source rdacontent
Carrier Type Term نص
Content Type Code txt
337 ## - نوع الوسيط
source rdamedia
Media Type Term بدون وسيط
Media Type Code n
338 ## - نوع الحامل أو الناقل
source rdacarrier
Carrier Type Term مجلد
Carrier Type Code nc
490 0# - بيان السلسلة
عنوان السلسلة المذكرات الكاملة
541 ## - تبصرة المصدر المباشر للتزويد
طريقة التزويد إهداء ؛
مصدر التزويد أطياف
600 17 - المدخل الاضافى بالموضوع-اسم شخصى
مصدر الرأس أو المصطلح BUEsh
الإسم الشخصى رشدي، فاطمة،
التواريخ المصاحبة للاسم 1901-1996
التقسيم الفرعي العام يوميات
650 #7 - المدخل الاضافى بالموضوع-مصطلح موضوعى
مصدر الرأس أو المصطلح BUEsh
مصطلح موضوعي أو اسم جغرافي كعنصر مدخل الممثلون و الممثلات المصريون
التقسيم الفرعي الشكلي تراجم.
9 (RLIN) 8633
653 ## - مصطلح تكشيفى غير مقيد
Resource For college Generalities
Arrived date list December2024
655 ## - مصطلح تكشيفى-نوع/شكل
التقسيم الفرعي الشكلي Reading book
700 1# - المدخل الاضافى - اسم شخصى
الإسم الشخصى سلامة، بيجاد،
الدور مقدم.
942 ## - عناصر المدخل الإضافي( كوها)
مصدر التصنيف او مخطط الترفيف Dewey Decimal Classification
Holdings
حالة التراجع حالة الفقد مصدر التصنيف او خطة الترفيف حالة تلف ليس للاعارة مجموعات كوها المكان الدائم المكان الحالي موقع الترفيف تاريخ الاكتساب Source of acquisition رقم الاستدعاء الباركود Date last seen نوع الوعاء
    Dewey Decimal Classification     Donation-Gift Central Library Central Library Second Floor 12/12/2024 Donation 791.43028092 ر ش د 000057191 15/07/2025 Book - Borrowing